Demand for agricultural land in Slovakia
Zmapovanie a charakterizácia dopytu po poľnohospodárskej pôde na trhu na základe osvedčení o plnení požiadaviek na nákup poľnohospodárskej pôdy. Výskum trval 31 mesiacov. Faktoryovplyvňujúce dopyt sú: cena, kvalita pôdy, oblasť, kde sa pôda nachádza, fragmentácia vlastníctva pôdy, vzdialenosť ponúka...
Na minha lista:
| Autor principal: | |
|---|---|
| Formato: | Capítulo de Livro |
| Idioma: | inglês |
| Assuntos: | |
| Tags: |
Sem tags, seja o primeiro a adicionar uma tag!
|
MARC
| LEADER | 00000naa a2200000 4500 | ||
|---|---|---|---|
| 001 | 0238431 | ||
| 005 | 20220805075026.8 | ||
| 041 | 0 | |a eng | |
| 044 | |a SK | ||
| 245 | 1 | 0 | |a Demand for agricultural land in Slovakia |c Katarína Dirgasová |
| 520 | |a Zmapovanie a charakterizácia dopytu po poľnohospodárskej pôde na trhu na základe osvedčení o plnení požiadaviek na nákup poľnohospodárskej pôdy. Výskum trval 31 mesiacov. Faktoryovplyvňujúce dopyt sú: cena, kvalita pôdy, oblasť, kde sa pôda nachádza, fragmentácia vlastníctva pôdy, vzdialenosť ponúkaného pozemku od krajského sídla a veľkosť daného pozemku. | ||
| 610 | 2 | 0 | |a pôda poľnohospodárska |
| 610 | 2 | 0 | |a trh poľnohospodársky |
| 610 | 2 | 0 | |a trh domáci |
| 610 | 2 | 0 | |a Slovensko |
| 610 | 2 | 0 | |a dopyt trhový |
| 100 | 1 | |a Dirgasová, Katarína | |